| 000 | 00389nam a22001217a 4500 | ||
|---|---|---|---|
| 082 | _a200 THE | ||
| 100 |
_aSamiullah Khan _970348 |
||
| 245 | _aTH-SOF-1155-A Framework for Evaluation of Biomedical Ontologies based on Structural Components | ||
| 260 |
_aIslamabad _bNUST College of EME _c2015 |
||
| 650 | _a MS-CSE-12 MSTHESIS | ||
| 700 |
_aSupervison Dr. Usman Qamar _969913 |
||
| 942 | _cCF | ||
| 999 |
_c577339 _d577339 |
||